书目信息 |
| 题名: |
报国寺
|
|
| 作者: | 喻淑珊 编著 | |
| 分册: | ||
| 出版信息: | 长春 吉林出版集团有限责任公司 2010.02 |
|
| 页数: | 120页 | |
| 开本: | 23cm | |
| 丛书名: | 中国文化知识读本 | |
| 单 册: | ||
| 中图分类: | B947.21 | |
| 科图分类: | ||
| 主题词: | 佛教--寺庙--简介--中国 | |
| 电子资源: | ||
| ISBN: | 978-7-5463-1273-6 | |
| 000 | 00838nam 2200277 450 | |
| 001 | 004716353 | |
| 005 | 20100813102246.28 | |
| 010 | @a978-7-5463-1273-6@dCNY22.00 | |
| 090 | @aK928.7@byss | |
| 100 | @a20100515d2010 em y0chiy50 ea | |
| 101 | 0 | @achi |
| 102 | @aCN@b220000 | |
| 105 | @aa z 000yy | |
| 200 | 1 | @a报国寺@Abao guo si@f喻淑珊编著@Fyu shu shan bian zhu |
| 205 | @a第2版 | |
| 210 | @a长春@c吉林出版集团有限责任公司@d2010.02 | |
| 215 | @a120页@c图@d23cm | |
| 225 | 2 | @a中国文化知识读本 |
| 304 | @a封面责任者题:闫静静 | |
| 330 | @a本书内容包括:四川峨嵋山报国寺;四川乐至报国寺;福建金饶山报国寺;江苏苏州报国寺等。 | |
| 410 | 0 | @12001 @a中国文化知识读本 |
| 606 | 0 | @a佛教@x寺庙@x简介@y中国 |
| 690 | @aB947.21@v4 | |
| 701 | 0 | @a喻淑珊@Ayu shu shan@4编著 |
| 801 | @c20100515 | |
| 905 | @dB947.21@eY860=2@f5 | |
| 报国寺/喻淑珊编著.-第2版.-长春:吉林出版集团有限责任公司,2010.02 |
| 120页:图;23cm.-(中国文化知识读本) |
| ISBN 978-7-5463-1273-6:CNY22.00 |
| 本书内容包括:四川峨嵋山报国寺;四川乐至报国寺;福建金饶山报国寺;江苏苏州报国寺等。 |
| ● |
| 相关链接 |
|
|
|
正题名:报国寺
索取号:B947.21/Y860=2
 
预约/预借
| 序号 | 登录号 | 条形码 | 馆藏地/架位号 | 状态 | 备注 |
| 1 | 1027473 | 210274736 | 自科二线400A/422社科库 43排3列3层/ [索取号:B947.21/Y860=2] | 在馆 | |
| 2 | 1027474 | 210274745 | 自科二线400A/422社科库 43排3列3层/ [索取号:B947.21/Y860=2] | 在馆 | |
| 3 | 1027475 | 210274754 | 自科二线400A/422社科库 42排4列4层/ [索取号:B947.21/Y860=2] | 在馆 | |
| 4 | 1027476 | 210274763 | 自科二线400A/422社科库 43排3列3层/ [索取号:B947.21/Y860=2] | 在馆 | |
| 5 | 1027477 | 210274772 | 自科二线400A/422社科库 43排3列3层/ [索取号:B947.21/Y860=2] | 在馆 |